MDQL
is popping MORE tags! Check the
thread
!
Quizzes
Events
Quiz Creation
Community
Videos
Private Events
Remove Ads
Sign In
Join for FREE
Feedback
Dark Mode
Quiz Categories
Sports
Geography
Music
Movies
Television
Just For Fun
Miscellaneous
History
Literature
Language
Science
Gaming
Entertainment
Religion
Holiday
For Kids
Quiz Lab
Recent
Popular Today
Quiz Kudos Today
Editor Picks
Curator Picks
Quizzes by...
Day
Popularity
Type
Ratings
Length
Year
Community
Subscriptions
Recent Discussions
Orange Saloon
Badges
Playlists
Quests
Create
Leaderboards
Showdown
Live 5
Trivia Bingo
Activity
Puzzle Library
Sporcle Events
Private Events
Virtual Trivia
Globe League
Become a Host
Pub Owners
SporcleCon
Opinionation
Our Games
Videos
Blog
Mobile Apps
Partnerships
Remove Ads and Go Orange
Feedback
Television
TV Characters
TV Show
Sitcom
Network
Friends
Reality Shows
Cast
South Park
Star Trek
The Simpsons
Doctor Who
Television
TV Characters
TV Show
Sitcom
Network
Friends
Reality Shows
Cast
South Park
Star Trek
The Simpsons
Doctor Who
Random Quiz
Search Sporcle
×
Curator Pick
Curator Pick
Television
Show
Type in answers that appear in a list
Type in answers that appear in a list
Classic
Best Score? Go Orange.
Game of Thrones: All Time Screen Time Stats
Can you name the top 100 Game of Thrones characters based on their overall screen time? (Updated to the end of Season 7)
By
HBKRock
15m
100 Questions
14.3K Plays
14,333 Plays
14,333 Plays
Comments
Comments
Give Quiz Kudos
Give Quiz Kudos
-
- Ratings
hide this ad
Replay
Link that replays current quiz
Next Quiz
Link to next quiz in quiz playlist
You Got
0%
They Got
Avg Score
76%
Avg Friend Score
Upgrade to see
Score Distribution
Jump to the score distribution portion of the page
Score
0/100
Timer
15:00
1
Play Today
Rank
Character
% Correct
1
Jon Snow
98.8%
2
Tyrion Lannister
98%
6
Arya Stark
97.6%
4
Sansa Stark
97.4%
3
Daenerys Targaryen
97.1%
5
Cersei Lannister
97.1%
7
Jaime Lannister
96.1%
13
Eddard Stark
95.9%
14
Bran Stark
95%
18
Catelyn Stark
94.2%
11
Petyr Baelish
93.5%
19
Tywin Lannister
93.5%
21
Robb Stark
93.2%
8
Samwell Tarly
92.8%
9
Jorah Mormont
92.8%
16
Sandor Clegane
92.4%
24
Joffrey Baratheon
92.3%
23
Stannis Baratheon
91.9%
17
Varys
91.9%
10
Theon Greyjoy
91.7%
57 (tied)
Gregor Clegane
91%
15
Brienne of Tarth
89.5%
20
Margaery Tyrell
89.4%
35
Tommen Baratheon
89.3%
84 (tied)
Rickon Stark
89.2%
44
Robert Baratheon
88.7%
25
Melisandre
88.6%
54 (tied)
Khal Drogo
88.2%
26
Ramsay Bolton
87.6%
42
Loras Tyrell
87.4%
41
Yara Greyjoy
86.8%
59
Renly Baratheon
86.6%
12
Davos Seaworth
86.6%
34
Olenna Tyrell
85.8%
Rank
Character
% Correct
45
Roose Bolton
85.7%
22
Bronn
85.1%
50
Oberyn Martell
84.9%
36
Grey Worm
84.7%
27
Missandei
83.9%
30
Ygritte
83.4%
63 (tied)
Jeor Mormont
83.4%
47
Hodor
83.3%
28 (tied)
Tormund Giantsbane
82.5%
72
Lysa Arryn
82.5%
40
Grand Maester Pycelle
82.2%
91 (tied)
Myrcella Baratheon
81.9%
28 (tied)
Gilly
80.3%
37
Gendry
80.3%
75
Walder Frey
79.9%
65
Viserys Targaryen
79.1%
63 (tied)
Mance Rayder
78.4%
33
Podrick Payne
78.1%
46
Osha
77.5%
48 (tied)
Meera Reed
77%
66 (tied)
Jojen Reed
76.5%
88
Balon Greyjoy
76.2%
93 (tied)
Mace Tyrell
75.5%
68
Lancel Lannister
74.7%
39
Barristan Selmy
74.5%
60
Maester Luwin
74.4%
31
Shae
74%
57 (tied)
Ellaria Sand
73.7%
62
Grenn
73.5%
51
Jaqen H'Ghar
73.5%
32
Daario Naharis
73.4%
38
High Sparrow
73.3%
53
Alliser Thorne
73%
95 (tied)
Robin Arryn
73%
Rank
Character
% Correct
69
Shireen Baratheon
72.6%
48 (tied)
Eddison Tollett
72.3%
70
Edmure Tully
71.9%
66 (tied)
Maester Aemon
71.1%
76
Hot Pie
71%
89 (tied)
Pypar
70.7%
73 (tied)
Brynden Tully
69.8%
61
Ros
68.4%
54 (tied)
Beric Dondarrion
67.1%
56
Qyburn
66.5%
52
Thoros of Myr
65.1%
80 (tied)
The Waif
63.1%
71
Euron Greyjoy
62.8%
80 (tied)
Benjen Stark
62.4%
80 (tied)
Rodrik Cassel
61.6%
73 (tied)
Meryn Trant
61.1%
95 (tied)
Selyse Baratheon
61.1%
43
Talisa Maegyr
61%
84 (tied)
Olly
58.9%
98
Xaro Xhoan Daxos
58.1%
84 (tied)
Doreah
57.6%
99 (tied)
Irri
57.3%
77
Janos Slynt
54.5%
93 (tied)
Tyene Sand
52.2%
89 (tied)
Yoren
49.9%
91 (tied)
Hizdahr zo Loraq
46.1%
78 (tied)
Locke
45%
78 (tied)
Myranda
44.3%
80 (tied)
Rast
44%
84 (tied)
Septa Unella
43.7%
95 (tied)
Karl Tanner
43.1%
99 (tied)
Lady Crane
41.3%
Quiz Playlist
Details
Report
Send in Message
Add To Playlist
Classic:
Type in answers that appear in a list
Quiz Source
Last Updated: Sep 22, 2017
Curator Pick in
A Song of Ice and Fire
Quiz Scoreboard
CHALLENGE
Sign Up to Join the Scoreboard
Show All
Scores
Hide
Comments
May contain spoilers
Recently Published
Street Fighter Characters
by Artimus82
Gaming
60s
9x9 Crossword: Cartoon Network
by jackfrog10
Miscellaneous
3m
College Basketball Coaching Resumes
by pancakes188
Sports
9m
More to Explore
Quiz From the Vault
Featured Blog Post
Where Did the Easter Bunny Come From?
hide this ad
You Might Also Like...
Tags
A Song of Ice and Fire Quiz
Show Quiz
Character
Fantasy
Game of Thrones
George RR Martin
hbo
Today's Top Quizzes in Television
Browse Television
hide this ad
Today's Top Quizzes in Show
Browse Show
Top Contributed Quizzes in Television
1
5-to-1: The Simpsons Families
2
5-to-1: Television Doctors
3
Adjectives in 80s TV Shows
4
Adjectives in 00s TV Shows
5
7-to-1: TV Show Settings
6
Adjectives in 10s TV Shows
7
Survivor Journey Challenge
8
5-to-1: Streaming Originals
9
Survivor Seasons
10
One Piece Logic Puzzle
Explore More
Trending Topics
Harry Potter
NBA
Crossword
Anime
Marvel
Disney
Kpop
Song
Country
The Office
Pokémon
Puzzle
Soccer
WWE
NFL
hide this ad
More By:
HBKRock
Quiz
Plays
Rating
Category
Featured
Created
Who Wants To Be A Millionaire: WWE Edition
72,858
3.13
Sports
May 22, 2013
Game of Thrones: All Time Screen Time
14,333
4.89
Television
Jun 28, 2016
WWE Raw: Top 100 Most Wins of All Time
10,332
4.94
Sports
Jul 28, 2016
WWE SmackDown: Top Most 100 Wins of All Time
9,365
4.76
Sports
Oct 6, 2017
Game of Thrones: Named Character Deaths
3,722
4.65
Television
Jul 5, 2016
Go to Creator's Profile
Score Distribution
Quiz Creator Spotlight
HBKRock
Follow
Send a Message
Quizzes Created
-
Created Quiz Play Count
-
More By This Creator
Popular Quizzes Today
1
Find the US States - No Outlines Minefield
2
Find the Countries of Europe - No Outlines Minefield
3
The Countries of the World
4
Find the US States
5
Risky Map Clicking: Biggest States A-Z
6
US States
7
Popular People in 1961
8
Movies - When Are They Set?
More Television Quizzes
Jetsons Characters by Image
Published
Trending Quizzes
Risky Map Clicking: Least Populous States A-Z
Countries of the World: 200 Million BC
1-10 Letter G Words
Risky Map Clicking: Next State Alphabetically
Adjectives in 80s TV Shows
Recently Updated
Leaping Animals
pecheneg
Reality TV Shows (A-Z)
bhenderson79
Rickey Henderson's Hall of Fame Teammates
pecheneg
Champions League XIs: Arsenal
pecheneg
Quick Pick: Celebrities in WWE's Hall of Fame
aduchscher
A-Z Keypad Blitz II
pecheneg
Multiple Oscar Actors
pecheneg
Mystery Phrase Blitz: Oscar 'Best Actors'
pecheneg
F. Scott Fitzgerald Novels
LTH
Pick 3 Villains
ddd62291
Trending Topics
Marvel
Crossword
Anime
Harry Potter
Disney
NBA
Kpop
Puzzle
WWE
NFL
Country
Song
Pokémon
The Office
Soccer
Your Account Isn't Verified!
In order to create a playlist on Sporcle, you need to verify the email address you used during registration. Go to your
Sporcle Settings
to finish the process.
Report this User
Report this user for behavior that violates our
Community Guidelines
.
Details:
Send Report
Go to the Sporcle.com Mobile Site →
Comments